000 01428nam a2200313 i 4500
001 120919
003 ES-MaACL
005 20251005063110.0
007 t|
008 170105s1985 sp r ||||1| spa d
020 _a84-393-0515-X
100 1 _aBrocá, Guillermo María de,
_d1850-1918
_931823
245 1 0 _aHistoria del derecho de Cataluña, especialmente del civil, y exposición de las instituciones del derecho civil del mismo territorio en relación con el Código civil de España y la jurisprudencia /
_cGuillem M. de Brocá ; presentació de Salvador de Brocà i Tella ; introducció d'Encarna Roca i Trias ; apèndix bibliogràfic complementari d'Antoni Mirambell i Abancó.
250 _aEd. facs.
260 _a[Barcelona] :
_bGeneralitat de Catalunya, Departament de Justícia,
_c1985.
300 _aXXV, 955 p. ;
_c25 cm.
490 1 _aTextos jurídics catalans. Escriptors ;
_v1
504 _aBibliografía: p. 887-955.
534 _pReprod. facs. de la ed:
_cBarcelona : J. Gili, 1918.
650 _aDerecho civil-
_zCataluña-
_vHistoria.
_9161513
655 7 _2tgfbne
_9226495
_aFacsímiles
700 1 _aMirambell i Abancò, Antoni.
_9161514
700 1 _aBrocà, Salvador de,
_d1940-
_9161515
700 1 _aRoca i Trias, Encarna.
_9161516
830 0 _aTextos jurídics catalans. Escriptors ;
_v1
_9186797
852 _aES-MaACL
_jL-31158
942 _2udc
999 _c120919
_d120919